Państwa świata w roku 1882 - Statystyki

Ogólne statystyki
  • Ten quiz został rozwiązany 3 442 razy
  • Średni wynik to 53 z 351
Odpowiedzi na mapie
Odpowiedzi zakodowano w zielono-czerwonej skali na mapie do tego quizu, zgodnie z poniższymi procentami.
 
Statystyki odpowiedzi
Państwo % Poprawnych
Rosja
95%
Stany Zjednoczone
95%
Niemcy
94%
Wielka Brytania
94%
Francja
93%
Kanada
93%
Chiny
91%
Hiszpania
91%
Meksyk
90%
Portugalia
89%
Dania
88%
Norwegia
88%
Szwecja
88%
Brazylia
87%
Holandia
87%
Włochy
87%
Belgia
86%
Japonia
86%
Austro-Węgry
85%
Argentyna
83%
Egipt
83%
Joseon
83%
Chile
82%
Persja
82%
Szwajcaria
82%
Grecja
81%
Kolumbia
80%
Peru
80%
Imperium Osmańskie
79%
Rumunia
79%
Urugwaj
79%
Wenezuela
79%
Boliwia
77%
Bułgaria
77%
Andora
76%
Paragwaj
76%
San Marino
76%
Liechtenstein
75%
Monako
75%
Serbia
75%
Ekwador
74%
Maroko
74%
Syjam
74%
Nepal
73%
Haiti
71%
Dominikana
70%
Madagaskar
69%
Honduras
66%
Bhutan
65%
Czarnogóra
65%
Luksemburg
65%
Afganistan
64%
Gwatemala
63%
Nikaragua
63%
Kostaryka
62%
Salwador
62%
Muskat i Oman
52%
Etiopia
43%
Kuba
41%
Teke
38%
Malediwy
35%
Kong
34%
Liberia
23%
Brunei
22%
Kongo
22%
Transwal
21%
Kuwejt
20%
Eswatini
19%
Samoa
19%
18%
Tonga
18%
Kom
17%
Nauru
17%
Rwanda
17%
Burundi
15%
Hawaje
15%
Maravi
13%
Benin
11%
Zanzibar
10%
Zululand
9%
Nejd
7%
Wyspa Wielkanocna
6%
Aceh
5%
Aussa
5%
Burma
5%
Bali
4%
Đại Nam
4%
Maguindanao
4%
Sokoto
4%
Wolne Państwo Orania
4%
Abudża
3%
Buganda
3%
Dahomej
3%
Ha'il
3%
Johor
3%
Niue-Fekai
3%
Sarawak
3%
Tu'a
3%
Aïr
2%
Ashanti
2%
Bora Bora
2%
Bornu
2%
Dar Al-Kuti
2%
Kel Ahaggar
2%
Kuala
2%
Luba
2%
Lunda
2%
Ma'an
2%
Oyo
2%
Sama
2%
Uvea
2%
Abemama
1%
Abeokuta
1%
Adrar
1%
Agaie
1%
Agangnionjo
1%
Agbor
1%
Ajasse
1%
Akure
1%
Akwa Akpa
1%
Akyem
1%
Alawi
1%
Allada
1%
Anaza
1%
Ankole
1%
Aqrabi
1%
Aro
1%
Audhali
1%
Aulaqi Dolne
1%
Aulaqi Górne
1%
Babungo
1%
Bade
1%
Badibu
1%
Bagrimi
1%
Bajhan
1%
Bakkara
1%
Bamun
1%
Bangassou
1%
Banggai
1%
Banjar
1%
Barotseland
1%
Bauczi
1%
Bawlake
1%
Bemba
1%
Bemihisatra
1%
Bibemi
1%
Bilanga
1%
Biu
1%
Bonny
1%
Bono-Tekyiman
1%
Borgu
1%
Brakna
1%
Bundu
1%
Bunyoro
1%
Buton
1%
Caluquembe
1%
Chokwe
1%
Cruzoob
1%
Czitral
1%
Dagomba
1%
Damagaram
1%
Dathina
1%
Daura
1%
Dawro
1%
Dendi
1%
Dhala
1%
Dir
1%
Donggala
1%
Dosso
1%
Dutse
1%
Dżimma
1%
Etiki
1%
Fada N'Gourma
1%
Fadhli
1%
Fika
1%
Fingoland
1%
Futa Dżalon
1%
Futa Toro
1%
Gaza
1%
Gcaleka
1%
Geledi
1%
Gera
1%
Gliji
1%
Gombe
1%
Gomma
1%
Goshen
1%
Gumel
1%
Gumma
1%
Gurma
1%
Gwanara
1%
Gwandu
1%
Gwiriko
1%
Hadejia
1%
Haushabi
1%
Hobyo
1%
Huahine
1%
Igala
1%
Ijebu
1%
Ilé-Ifé
1%
Ilorin
1%
Imperium Rabih
1%
Irma
1%
Irqa
1%
Jamaare
1%
Jambi
1%
Jandol
1%
Janjero
1%
Jema'a
1%
Jugu
1%
Kaffa
1%
Kafiristan
1%
Kakonga
1%
Kalabari
1%
Kantarawadi
1%
Karagwe
1%
Kasanje
1%
Katagum
1%
Kathiri
1%
Katsina
1%
Kazaure
1%
Kazembe
1%
Kebbi
1%
Keffi
1%
Kénédougou
1%
Kika
1%
Koena
1%
Konawe
1%
Kontagora
1%
Koya
1%
Kulawi
1%
Kunduz
1%
Kwara
1%
Kyebogyi
1%
Lafia
1%
Lafiagi
1%
Lahej
1%
Lanao
1%
Lanfang
1%
Lapai
1%
Lete
1%
Limmu-Ennarea
1%
Liptako
1%
Loango
1%
Luwu
1%
Maflahi
1%
Magba
1%
Mahra
1%
Majeerteen
1%
Mandar
1%
Mandara
1%
Maradi
1%
Mboum
1%
Mbunda
1%
Misau
1%
Mpondoland
1%
Mthwakazi
1%
Muri
1%
Mwali
1%
Najran
1%
Namekan
1%
Naungpale
1%
Ndzuwani
1%
Nembe
1%
Ngoyo
1%
Ngwaketse
1%
Ngwato
1%
Niumi
1%
Nri
1%
Ntem
1%
Nungu
1%
Nyamwezi
1%
Ogwashi-Uku
1%
Okrika
1%
Ondo
1%
Onilahy
1%
Onitsha
1%
Opobo
1%
Osogbo
1%
Ouaddai
1%
Owo
1%
Pahang
1%
Palu
1%
Paraku
1%
Pategi
1%
Phuan
1%
Piela
1%
Porto-Novo
1%
Potiskum
1%
Qu'aiti
1%
Rafai
1%
Raiatea
1%
Rarotonga
1%
Rehoboth
1%
Rey Bouba
1%
Rimatara
1%
Rizim
1%
Rozwi
1%
Rurutu
1%
Sabon
1%
Sha'ib
1%
Sigave
1%
Sigi
1%
Stellaland
1%
Swat
1%
Szeberghan
1%
Tado
1%
Tadżura
1%
Tagant
1%
Tamrash
1%
Tashqurghan
1%
Tawaeli
1%
Tawana
1%
Tekna
1%
Tenkodogo
1%
Tera
1%
Thembuland
1%
Toraja
1%
Torro
1%
Toucouleur
1%
Tshibiri
1%
Urambo
1%
Utetera
1%
Viye
1%
Wahidi Azzan
1%
Wahidi Balhaf
1%
Wahidi Bir Ali
1%
Wahidi Haban
1%
Wajo
1%
Wambu
1%
Warri
1%
Warsangali
1%
Wase
1%
Wassoulou
1%
Wielki Komor
1%
Witu
1%
Wogodogo
1%
Wolaita
1%
Wukari
1%
Xiani
1%
Yafa Dolne
1%
Yafa Górne
1%
Yaka
1%
Yao
1%
Yashikira
1%
Yatenga
1%
Yauri
1%
Yeke
1%
Zafimanely
1%
Zamfara
1%
Zaria
1%
Zemio
1%
Nie znaleziono quizów pasujących do podanych kryteriów
Rozkład punktacji
Procent ludzi z każdym wynikiem
Percentyl według liczby udzielonych odpowiedzi
Twoja historia wyników
Nie rozwiązałeś tego quizu